wwe superstars who wrestled for new japan wrestling - Statistics

General Stats
  • This quiz has been taken 389 times
  • The average score is 6 of 7
Answer Stats
winner of the 2018 royal rumble Shinsuke Nakamura % Correct
hes the son of Dusty Rhodes Cody Rhodes
98%
619 Rey Mysterio
97%
Y2J Chris Jericho
96%
First universal champion Finn Balor
96%
Debuted in the 2016 royal rumble Aj Styles
95%
Beat Up John Cena Karl Anderson
56%
Beat Up John Cena Luke Gallows
55%
No matching quizzes found
Score Distribution
Percent of People with Each Score
Percentile by Number Answered
Your Score History
You have not taken this quiz